[Event "Talinka Cup"]
[Site "Talinka"]
[Date "2007.02.08"]
[Round "6"]
[White "Babici, Roman"]
[Black "Senokosov, Leonid"]
[Result "1-0"]
[WhiteElo "2336"]
[BlackElo "2306"]
[PlyCount "111"]
[EventDate "2007.02.03"]
[EventType "tourn"]
[EventRounds "9"]
[EventCountry "RUS"]
[EventCategory "2"]
[SourceTitle "EXT 2008"]
[Source "ChessBase"]
[SourceDate "2007.11.25"]
[SourceVersion "1"]
[SourceVersionDate "2007.11.25"]
[SourceQuality "1"]

1. e4 c5 2. Nf3 d6 3. d4 cxd4 4. Nxd4 Nf6 5. Nc3 Nc6 6. Bc4 e6 7. Bb3 Be7 8. Be3 a6 9. Qe2 Nxd4 10. Bxd4 b5 11. a3 0-0 12. Rd1 Bb7 13. 0-0 Qc7 14. Rd3 Rac8 15. f4 d5 16. exd5 exd5 17. Kh1 Rfe8 18. Rg3 Bf8 19. Qf3 Ne4 20. Nxe4 Rxe4 21. Be5 Qc6 22. c3 Kh8 23. h3 f6 24. Bd4 Rce8 25. Qh5 Re2 26. Qf7 R2e7 27. Qh5 Re2 28. Rg4 Qe6 29. f5 Qd7 30. Rh4 h6 31. Qg6 R8e4 32. Rxe4 dxe4 33. Bxf6 Bd5 34. Bd1 Bf7 35. Qg4 Rd2 36. Bd4 Kh7 37. Qf4 Rxb2 38. Bg4 Qd5 39. f6 g6 40. Qc7 e3 41. Bf3 Qc4 42. Qxc4 Bxc4 43. Re1 e2 44. Kg1 a5 45. Kf2 Bxa3 46. h4 a4 47. Be4 Rd2 48. h5 Bf7 49. Ke3 Rd1 50. Rxe2 Rh1 51. g4 Rf1 52. Bd3 Bc1+ 53. Ke4 gxh5 54. gxh5 a3 55. Ke5+ Kg8 56. Rg2+ 1-0

[Event "Talinka Cup"]
[Site "Talinka"]
[Date "2007.02.06"]
[Round "4"]
[White "Orekhov, Evgeny"]
[Black "Senokosov, Leonid"]
[Result "1/2-1/2"]
[WhiteElo "2449"]
[BlackElo "2306"]
[PlyCount "32"]
[EventDate "2007.02.03"]
[EventType "tourn"]
[EventRounds "9"]
[EventCountry "RUS"]
[EventCategory "2"]
[SourceTitle "EXT 2008"]
[Source "ChessBase"]
[SourceDate "2007.11.25"]
[SourceVersion "1"]
[SourceVersionDate "2007.11.25"]
[SourceQuality "1"]

1. Nf3 c5 2. b3 Nf6 3. Bb2 e6 4. c4 Nc6 5. g3 d5 6. cxd5 exd5 7. Bg2 Be7 8. 0-0 0-0 9. d4 b6 10. Nc3 Bf5 11. dxc5 bxc5 12. Rc1 Rc8 13. Nh4 Be6 14. e3 Qd7 15. Qc2 Rfd8 16. Rfd1 Qe8 1/2-1/2

[Event "Talinka Cup"]
[Site "Talinka"]
[Date "2007.02.03"]
[Round "1"]
[White "Senokosov, Leonid"]
[Black "Prahov, G."]
[Result "1/2-1/2"]
[WhiteElo "2306"]
[BlackElo "2296"]
[PlyCount "37"]
[EventDate "2007.02.03"]
[EventType "tourn"]
[EventRounds "9"]
[EventCountry "RUS"]
[EventCategory "2"]
[SourceTitle "EXT 2008"]
[Source "ChessBase"]
[SourceDate "2007.11.25"]
[SourceVersion "1"]
[SourceVersionDate "2007.11.25"]
[SourceQuality "1"]

1. Nf3 Nf6 2. d4 d5 3. Bg5 Nbd7 4. e3 b6 5. Bd3 Bb7 6. Nbd2 c5 7. c3 e6 8. Bc2 Be7 9. Qe2 0-0 10. 0-0 Qc7 11. Bf4 Bd6 12. Bxd6 Qxd6 13. Rfe1 Rfe8 14. e4 dxe4 15. Nxe4 Nxe4 16. Bxe4 Bxe4 17. Qxe4 Nf6 18. dxc5 Nxe4 19. cxd6 1/2-1/2